000 00278 a2200121 4500
020 _a9788131723586
090 _c6623
_d6623
100 _aJohn C. Hull
245 _aOptions, futures, and other Derivatives
250 _a7th
260 _aDelhi
942 _aNBS
_cBK
_k332.645 HUL
999 _c348977
_d348977